[Event "DLM 2011"]
[Site "Xanten GER"]
[Date "2011.11.01"]
[Round "3"]
[White "Schulz, Jens"]
[Black "Powierski, Emil"]
[Result "1-0"]
[Termination "normal"]
[Board "4.1"]
[WhiteElo "2186"]
[BlackElo "2022"]
[WhiteTeam "Niedersachsen"]
[BlackTeam "Schleswig-Holstein/NDS"]
[PlyCount "119"]
[WhiteFideId "24675687"]
[BlackFideId "4656199"]
[EventCountry "GER"]
[EventRounds "7"]
[EventType "team-swiss"]
[EventDate "2011.10.30"]

1. e4 c5 2. Nf3 d6 3. d4 cxd4 4. Nxd4 Nf6 5. Nc3 a6 6. Be3 e5 7. Nb3 Be6 8. Qd2
Nbd7 9. f3 b5 10. O-O-O Be7 11. g4 O-O 12. Rg1 Nb6 13. g5 Nfd7 14. Na5 Qc7 15.
Nd5 Nxd5 16. exd5 Bxd5 17. Qxd5 Qxa5 18. Bd3 Rac8 19. g6 Nf6 20. gxf7+ Rxf7 21.
Qe6 Qc7 22. Bf5 Rd8 23. Qb3 d5 24. Be6 Qc6 25. Bxf7+ Kxf7 26. Bg5 Qc4 27. Qd3
Qxd3 28. cxd3 Bc5 29. Rg2 h6 30. Rc2 hxg5 31. Rxc5 Kg6 32. Re1 Kf5 33. Rc7 Rh8
34. Rxg7 Rxh2 35. Re7 Kf4 36. R1xe5 Rh3 37. R5e6 Kf5 38. Re3 d4 39. R3e5+ Kf4
40. R5e6 Kf5 41. Rxa6 Rxf3 42. Kd2 Kg4 43. Rd6 Kg3 44. Rxd4 g4 45. Re3 Kg2 46.
Rxf3 gxf3 47. Rf4 Nh5 48. Rf8 f2 49. Kc3 Kg3 50. Rxf2 Kxf2 51. Kb4 Ke3 52. Kxb5
Kxd3 53. a4 Nf4 54. a5 Nd5 55. Kc5 Ne7 56. a6 Nc8 57. b4 Ke4 58. b5 Ke5 59. b6
Ke6 60. b7 1-0

[Event "DLM 2011"]
[Site "Xanten GER"]
[Date "2011.11.01"]
[Round "3"]
[White "Jacobsen, Henrik"]
[Black "Kyas, Philipp"]
[Result "1/2-1/2"]
[Termination "normal"]
[Board "4.2"]
[WhiteElo "1983"]
[BlackElo "2100"]
[WhiteTeam "Schleswig-Holstein/NDS"]
[BlackTeam "Niedersachsen"]
[PlyCount "107"]
[WhiteFideId "24611123"]
[BlackFideId "24670936"]
[EventCountry "GER"]
[EventRounds "7"]
[EventType "team-swiss"]
[EventDate "2011.10.30"]

1. d4 Nf6 2. Nf3 e6 3. Bf4 c5 4. e3 Qb6 5. Na3 cxd4 6. Nb5 Nd5 7. Qxd4 Qa5+ 8.
c3 Nc6 9. Qd1 Nxf4 10. exf4 d5 11. Bd3 a6 12. Nbd4 Bd6 13. Nxc6 bxc6 14. Ne5
Bxe5 15. fxe5 Qc7 16. Qe2 O-O 17. O-O f6 18. exf6 Rxf6 19. Rae1 c5 20. c4 Bb7
21. Qg4 Qf7 22. Re5 Rf8 23. f3 Bc8 24. Rfe1 $11 h6 25. Qh5 Qxh5 26. Rxh5 Rd8
27. cxd5 g5 28. h4 exd5 29. hxg5 hxg5 30. Rxg5+ Kf7 31. Ree5 Be6 32. Rh5 c4 33.
Rh7+ Kf8 34. Bf5 Kg8 35. Rh5 Bxf5 36. Rhxf5 Rxf5 37. Rxf5 d4 38. Kf1 d3 39. Ke1
Re8+ 40. Kd1 Re2 41. Rc5 Rc2 42. Rc7 a5 43. g4 a4 44. a3 Kf8 $11 45. g5 Kg8 46.
f4 Kf8 47. g6 Rxb2 48. Rxc4 Kg7 49. f5 Kf6 50. Rxa4 Kxf5 51. g7 Rg2 52. Ra7 Ke4
53. Re7+ Kd4 54. Rd7+ 1/2-1/2

[Event "DLM 2011"]
[Site "Xanten GER"]
[Date "2011.11.01"]
[Round "3"]
[White "Schreiner, Till"]
[Black "Polert, Annika"]
[Result "1-0"]
[Termination "normal"]
[Board "4.3"]
[WhiteElo "2150"]
[BlackElo "1792"]
[WhiteTeam "Niedersachsen"]
[BlackTeam "Schleswig-Holstein/NDS"]
[PlyCount "83"]
[WhiteFideId "24675555"]
[BlackFideId "24692328"]
[EventCountry "GER"]
[EventRounds "7"]
[EventType "team-swiss"]
[EventDate "2011.10.30"]

1. d4 d5 2. c4 e6 3. Nc3 Nf6 4. cxd5 exd5 5. Bg5 c6 6. e3 Nbd7 7. Bd3 Be7 8.
Qc2 O-O 9. Nge2 Re8 10. O-O Nf8 11. a3 Ne4 12. Bf4 f5 13. f3 Nd6 14. Rad1 Bg5
15. Rfe1 Rxe3 16. Bxe3 Bxe3+ 17. Kh1 f4 18. g3 Qf6 19. Nxf4 Bxf4 20. gxf4 Qxf4
21. Qg2 Qf6 22. Qg3 Bd7 23. Re3 Re8 24. Rxe8 Bxe8 25. Ne2 Bg6 26. Nf4 Bxd3 27.
Rxd3 Nf5 28. Qg4 g6 29. Nh5 Qe7 30. Rd1 Qe2 31. Rg1 Qxb2 32. Qxf5 Qxd4 33. Qf4
Qxf4 34. Nxf4 d4 35. Rc1 g5 36. Nd3 Ne6 37. Kg2 Kf8 38. Re1 Kf7 39. Rb1 Nd8 40.
Rb4 c5 41. Nxc5 b6 42. Rxd4 1-0

[Event "DLM 2011"]
[Site "Xanten GER"]
[Date "2011.11.01"]
[Round "3"]
[White "Diederichs, Luise"]
[Black "Koop, Thorben"]
[Result "0-1"]
[Termination "normal"]
[Board "4.4"]
[WhiteTitle "NDS"]
[WhiteElo "1748"]
[BlackElo "2098"]
[WhiteTeam "Schleswig-Holstein/NDS"]
[BlackTeam "Niedersachsen"]
[PlyCount "56"]
[WhiteFideId "24661597"]
[BlackFideId "24661619"]
[EventCountry "GER"]
[EventRounds "7"]
[EventType "team-swiss"]
[EventDate "2011.10.30"]

1. g3 f5 2. d4 d5 3. Bg2 e6 4. Nf3 Bd6 5. Bg5 Nf6 6. Ne5 Nbd7 7. Bf4 Qe7 8.
Nxd7 Bxd7 9. c3 O-O 10. Bxd6 cxd6 11. O-O Bb5 12. Re1 Rac8 13. Na3 Ba6 14. Nc2
Qf7 15. h3 Ne4 16. e3 g5 17. Nb4 Bc4 18. Nd3 Qg6 19. Bf3 Kh8 20. Kg2 f4 21.
exf4 gxf4 22. Bg4 fxg3 23. f3 Ng5 24. h4 Nxf3 25. Bxf3 Bxd3 26. Re3 Be4 27. Rc1
Rxf3 28. Rxf3 Rf8 0-1

[Event "DLM 2011"]
[Site "Xanten GER"]
[Date "2011.11.01"]
[Round "3"]
[White "Kickert, Germaine Helene"]
[Black "Wegner, Florian"]
[Result "0-1"]
[Termination "normal"]
[Board "4.5"]
[WhiteElo "1998"]
[BlackElo "1747"]
[WhiteTeam "Niedersachsen"]
[BlackTeam "Schleswig-Holstein/NDS"]
[PlyCount "110"]
[WhiteFideId "24614890"]
[BlackFideId "12909416"]
[EventCountry "GER"]
[EventRounds "7"]
[EventType "team-swiss"]
[EventDate "2011.10.30"]

1. e4 d6 2. d4 Nf6 3. Nc3 Nbd7 4. Nf3 e5 5. Bc4 Be7 6. h3 O-O 7. Be3 c6 8. a4
b6 9. O-O Qc7 10. Qe2 a6 11. Bb3 Bb7 12. Nd2 b5 13. f4 b4 14. Nd1 exd4 15. Bxd4
c5 16. Bf2 Qc6 17. Re1 Rfe8 18. Bg3 Bd8 19. Qc4 d5 20. exd5 Rxe1+ 21. Bxe1 Qxd5
22. Ne3 Qxc4 23. Ndxc4 Bc7 24. g3 Ne4 25. Rd1 Rd8 26. Ng4 Kf8 27. Nf2 Nxg3 28.
Nd3 Ne4 29. Nde5 Nxe5 30. Rxd8+ Bxd8 31. Nxe5 f6 32. Nd3 Ke7 33. Kf1 a5 34. Ke2
Bb6 35. Nf2 Nd6 36. Bg8 h6 37. b3 Ba6+ 38. Kf3 c4 39. Bd5 Nf5 40. c3 cxb3 41.
Bxb3 bxc3 42. Bxc3 Nd4+ 43. Bxd4 Bxd4 44. Kg3 Bxf2+ 45. Kxf2 g5 46. Kg3 Bc8 47.
fxg5 hxg5 48. h4 gxh4+ 49. Kxh4 Kd6 50. Kg3 Kc5 51. Kf4 Kb4 52. Bd1 Bd7 53. Bc2
Bxa4 54. Be4 Bd7 55. Bc2 a4 0-1

[Event "DLM 2011"]
[Site "Xanten GER"]
[Date "2011.11.01"]
[Round "3"]
[White "Wanner, Lukas"]
[Black "Rethmann, Kristin"]
[Result "0-1"]
[Termination "normal"]
[Board "4.6"]
[WhiteElo "1667"]
[BlackElo "1820"]
[WhiteTeam "Schleswig-Holstein/NDS"]
[BlackTeam "Niedersachsen"]
[PlyCount "82"]
[WhiteFideId "12918148"]
[BlackFideId "24655805"]
[EventCountry "GER"]
[EventRounds "7"]
[EventType "team-swiss"]
[EventDate "2011.10.30"]

1. e4 Nf6 2. Nc3 d5 3. exd5 Nxd5 4. d4 Bf5 5. Bd3 Bxd3 6. Qxd3 c6 7. Nf3 e6 8.
O-O Nd7 9. Nxd5 cxd5 10. Ne5 Be7 11. f4 O-O 12. Rf3 Nf6 13. c3 Ne4 14. Be3 f5
15. Qe2 Rc8 16. Rh3 Qe8 17. g4 Bd6 18. g5 Bxe5 19. dxe5 a6 20. Rc1 b5 21. Bd4
Rf7 22. Rf3 Rfc7 23. b4 Rc4 24. Rb1 Nxc3 25. Bxc3 Rxc3 26. Rf2 R8c4 27. Rb2 Qc6
28. Qd2 Qb6 29. Kf1 Qd4 30. a4 Qxd2 31. Rbxd2 Rxb4 32. axb5 Rxb5 33. Rc2 d4 34.
Rb2 Kf7 35. Rxb5 axb5 36. Ra2 Rf3+ 37. Rf2 Rxf2+ 38. Kxf2 b4 39. Ke2 Kg6 40.
Kd3 b3 41. Kd2 Kh5 1-0

[Event "DLM 2011"]
[Site "Xanten GER"]
[Date "2011.11.01"]
[Round "3"]
[White "Sieber, Fiona"]
[Black "Rieper, Julian"]
[Result "1-0"]
[Termination "normal"]
[Board "4.7"]
[WhiteElo "1720"]
[BlackElo "1507"]
[WhiteTeam "Niedersachsen"]
[BlackTeam "Schleswig-Holstein/NDS"]
[PlyCount "61"]
[WhiteFideId "12902373"]
[BlackFideId "12936960"]
[EventCountry "GER"]
[EventRounds "7"]
[EventType "team-swiss"]
[EventDate "2011.10.30"]

1. e4 e6 2. d4 d5 3. Nc3 Bb4 4. e5 Ne7 5. f4 c5 6. Nf3 Nbc6 7. a3 Bxc3+ 8. bxc3
c4 9. Be2 O-O 10. O-O f5 11. Qe1 Kh8 12. Kh1 Ng8 13. a4 Bd7 14. Ba3 Rf7 15. Ng5
Nh6 16. Nxf7+ Nxf7 17. g4 Nh6 18. g5 Ng8 19. Bh5 g6 20. Be2 Qe8 21. Rf2 Nd8 22.
h4 Bxa4 23. Bf3 Bc6 24. Rh2 h5 25. gxh6 Nxh6 26. h5 Kh7 27. Qh4 gxh5 28. Bxh5
Qh8 29. Rg1 a5 30. Bg6+ Kg7 31. Qf6+ 1-0

[Event "DLM 2011"]
[Site "Xanten GER"]
[Date "2011.11.01"]
[Round "3"]
[White "Ruiz, Lisa"]
[Black "Rätzke von Stoventin, Steffen"]
[Result "0-1"]
[Termination "normal"]
[Board "4.8"]
[WhiteElo "1083"]
[BlackElo "1712"]
[WhiteTeam "Schleswig-Holstein/NDS"]
[BlackTeam "Niedersachsen"]
[PlyCount "36"]
[BlackFideId "1270499"]
[EventCountry "GER"]
[EventRounds "7"]
[EventType "team-swiss"]
[EventDate "2011.10.30"]

1. e4 e5 2. Nf3 Nc6 3. Bc4 Bc5 4. c3 Nf6 5. d3 a6 6. b4 Ba7 7. Ba3 b5 8. Bb3 d6
9. h3 h6 10. Nbd2 O-O 11. O-O Re8 12. Re1 Be6 13. c4 Qd7 14. Qc2 Nd4 15. Nxd4
Bxd4 16. Rac1 Bxh3 17. g3 Qg4 18. Qd1 Qxg3+ 0-1

[Event "DLM 2011"]
[Site "Xanten GER"]
[Date "2011.11.01"]
[Round "3"]
[White "Mazarov, Jürgen"]
[Black "Colpe, Malte"]
[Result "1/2-1/2"]
[Termination "normal"]
[Board "5.1"]
[WhiteElo "2129"]
[BlackElo "2245"]
[WhiteTeam "Nordrhein-Westfalen 2"]
[BlackTeam "Hamburg"]
[PlyCount "41"]
[WhiteFideId "24617768"]
[BlackFideId "24623075"]
[EventCountry "GER"]
[EventRounds "7"]
[EventType "team-swiss"]
[EventDate "2011.10.30"]

1. e4 c5 2. Nf3 d6 3. d4 cxd4 4. Nxd4 Nf6 5. Nc3 a6 6. Be3 e5 7. Nf3 Be7 8. Bc4
O-O 9. O-O Bg4 10. Re1 Nbd7 11. h3 Bh5 12. Qe2 b5 13. Bd5 b4 14. Bxa8 Qxa8 15.
Nd5 Nxd5 16. exd5 Qxd5 17. Qxa6 Bxf3 18. gxf3 Qxf3 19. Qf1 f5 20. Qg2 Qh5 21.
f4 1/2-1/2

[Event "DLM 2011"]
[Site "Xanten GER"]
[Date "2011.11.01"]
[Round "3"]
[White "Stanau, Guido"]
[Black "Kremser, Michael"]
[Result "1-0"]
[Termination "normal"]
[Board "5.2"]
[WhiteElo "2035"]
[BlackElo "2048"]
[WhiteTeam "Hamburg"]
[BlackTeam "Nordrhein-Westfalen 2"]
[PlyCount "55"]
[WhiteFideId "24692255"]
[BlackFideId "1270131"]
[EventCountry "GER"]
[EventRounds "7"]
[EventType "team-swiss"]
[EventDate "2011.10.30"]

1. e4 c5 2. Nf3 d6 3. d4 cxd4 4. Nxd4 Nf6 5. Nc3 a6 6. Bg5 e6 7. f4 Be7 8. Qf3
Qc7 9. O-O-O Nbd7 10. g4 b5 11. Bxf6 Nxf6 12. g5 Nd7 13. f5 Bxg5+ 14. Kb1 Ne5
15. Qh5 Qe7 16. fxe6 g6 17. exf7+ Kxf7 18. Qe2 Rf8 19. Nd5 Qa7 20. Qg2 Bh6 21.
Be2 Kg8 22. h4 Bg7 23. h5 gxh5 24. Rxh5 Ng6 25. Nf5 Be6 26. Nde7+ Kf7 27. Rxh7
Bxf5 28. Nxf5 1-0

[Event "DLM 2011"]
[Site "Xanten GER"]
[Date "2011.11.01"]
[Round "3"]
[White "Glatzel, Jonas"]
[Black "Gupta, Arijit"]
[Result "0-1"]
[Termination "normal"]
[Board "5.3"]
[WhiteElo "1906"]
[BlackElo "2030"]
[WhiteTeam "Nordrhein-Westfalen 2"]
[BlackTeam "Hamburg"]
[PlyCount "64"]
[WhiteFideId "12937800"]
[BlackFideId "24696293"]
[EventCountry "GER"]
[EventRounds "7"]
[EventType "team-swiss"]
[EventDate "2011.10.30"]

1. e4 c5 2. c3 Nf6 3. e5 Nd5 4. d4 cxd4 5. Nf3 e6 6. cxd4 d6 7. Bc4 Nc6 8. O-O
Be7 9. a3 O-O 10. Qc2 Bd7 11. Nc3 dxe5 12. dxe5 Nxc3 13. bxc3 Qa5 14. Bf4 Rac8
15. Bd3 g6 16. h4 Nb8 17. Bd2 Ba4 18. Qb2 Rfd8 19. Qxb7 Rc7 20. Qb1 Rcd7 21.
Be4 Nc6 22. Bg5 Bxg5 23. hxg5 Qxc3 24. Rc1 Rd1+ 25. Kh2 Qa5 26. Bxc6 Rxc1 27.
Qb2 Rxa1 28. Bxa4 Qxa4 29. Qxa1 Qf4+ 30. Kh3 h6 31. gxh6 g5 32. Nh2 Qh4# 0-1

[Event "DLM 2011"]
[Site "Xanten GER"]
[Date "2011.11.01"]
[Round "3"]
[White "Kramer, Julian"]
[Black "Flüchter, Gregor"]
[Result "1-0"]
[Termination "normal"]
[Board "5.4"]
[WhiteElo "2047"]
[BlackElo "1895"]
[WhiteTeam "Hamburg"]
[BlackTeam "Nordrhein-Westfalen 2"]
[PlyCount "69"]
[WhiteFideId "12921742"]
[BlackFideId "12903396"]
[EventCountry "GER"]
[EventRounds "7"]
[EventType "team-swiss"]
[EventDate "2011.10.30"]

1. e4 c5 2. Nf3 d6 3. d4 cxd4 4. Nxd4 Nf6 5. Nc3 a6 6. Be3 e5 7. Nb3 Be6 8. f3
Be7 9. Qd2 O-O 10. O-O-O Nbd7 11. g4 b5 12. g5 b4 13. Ne2 Ne8 14. f4 a5 15. f5
a4 16. Nbd4 exd4 17. Nxd4 Bxa2 18. Nc6 Qc7 19. Nxe7+ Kh8 20. Qxb4 Rb8 21. Qxa4
Bb3 22. Qc6 Qd8 23. cxb3 Qxe7 24. Bc4 Ne5 25. Qd5 Ng4 26. Qd4 Rd8 27. Rhf1 f6
28. g6 Nc7 29. Bf4 Ne5 30. Qe3 Ra8 31. Qh3 h6 32. Bxh6 Ra1+ 33. Kc2 Rf7 34.
Bf4+ Kg8 35. Qh7+ 1-0

[Event "DLM 2011"]
[Site "Xanten GER"]
[Date "2011.11.01"]
[Round "3"]
[White "Rosenfeld, Elisabeth"]
[Black "Krüger, David"]
[Result "0-1"]
[Termination "normal"]
[Board "5.5"]
[WhiteElo "1745"]
[BlackElo "1750"]
[WhiteTeam "Nordrhein-Westfalen 2"]
[BlackTeam "Hamburg"]
[PlyCount "50"]
[WhiteFideId "4624742"]
[BlackFideId "12921858"]
[EventCountry "GER"]
[EventRounds "7"]
[EventType "team-swiss"]
[EventDate "2011.10.30"]

1. e4 e5 2. f4 exf4 3. Nf3 Be7 4. d4 Bh4+ 5. Ke2 d5 6. Nxh4 Qxh4 7. Qe1 Bg4+ 8.
Kd2 Qxe1+ 9. Kxe1 dxe4 10. Bxf4 Nc6 11. Bb5 O-O-O 12. c3 Nge7 13. h3 Be6 14.
Rf1 a6 15. Be2 h6 16. g4 g5 17. Bh2 e3 18. Rf3 Nd5 19. Na3 h5 20. gxh5 f5 21.
Nc2 f4 22. c4 Ndb4 23. Nxb4 Nxb4 24. Rd1 Nc2+ 25. Kf1 Nxd4 0-1

[Event "DLM 2011"]
[Site "Xanten GER"]
[Date "2011.11.01"]
[Round "3"]
[White "Lemke, Berfin"]
[Black "Buckels, Valentin"]
[Result "0-1"]
[Termination "normal"]
[Board "5.6"]
[WhiteElo "1549"]
[BlackElo "1699"]
[WhiteTeam "Hamburg"]
[BlackTeam "Nordrhein-Westfalen 2"]
[PlyCount "88"]
[WhiteFideId "1270578"]
[BlackFideId "12942766"]
[EventCountry "GER"]
[EventRounds "7"]
[EventType "team-swiss"]
[EventDate "2011.10.30"]

1. e4 c5 2. Nf3 d6 3. d4 cxd4 4. Nxd4 Nf6 5. Nc3 g6 6. Be2 Bg7 7. O-O O-O 8.
Re1 Nc6 9. Nb3 Be6 10. Bf1 a5 11. a4 Nd7 12. Bg5 h6 13. Bh4 Rc8 14. Rb1 Nb6 15.
Ra1 Bc4 16. Qd2 Bxf1 17. Kxf1 Nc4 18. Qc1 Nb4 19. e5 dxe5 20. Rd1 Qe8 21. Nd2
Nxd2+ 22. Qxd2 g5 23. Bg3 f5 24. f3 Qc6 25. Ra3 Qc4+ 26. Kg1 Kh7 27. Be1 Rfd8
28. Qc1 Rxd1 29. Qxd1 Qd4+ 30. Qxd4 exd4 31. Ne2 Nxc2 32. Bxa5 Nxa3 33. bxa3
Ra8 34. Bb4 Rxa4 35. Nc1 Ra6 36. Nd3 e5 37. Nf2 Rc6 38. h3 Rc1+ 39. Kh2 Rc2 40.
Kg1 Rc1+ 41. Kh2 Rf1 42. Nh1 e4 43. Ng3 Be5 44. fxe4 fxe4 0-1

[Event "DLM 2011"]
[Site "Xanten GER"]
[Date "2011.11.01"]
[Round "3"]
[White "Bork, Sophie"]
[Black "Rogozenco, Teodora"]
[Result "0-1"]
[Termination "normal"]
[Board "5.7"]
[WhiteElo "1488"]
[BlackElo "1527"]
[WhiteTeam "Nordrhein-Westfalen 2"]
[BlackTeam "Hamburg"]
[PlyCount "118"]
[WhiteFideId "12905429"]
[BlackFideId "12938084"]
[EventCountry "GER"]
[EventRounds "7"]
[EventType "team-swiss"]
[EventDate "2011.10.30"]

1. e4 d5 2. exd5 Qxd5 3. Nc3 Qa5 4. Bc4 c6 5. d4 Nf6 6. Qe2 Bf5 7. Bd2 Qb6 8.
O-O-O e6 9. d5 cxd5 10. Nxd5 Nxd5 11. Bxd5 Be7 12. Bb3 O-O 13. g4 Bg6 14. f4
Bf6 15. h4 a5 16. a4 Rc8 17. Bc3 Bxc3 18. bxc3 h6 19. Kb2 Qc5 20. Qf3 Ra7 21.
Ne2 b5 22. Nd4 bxa4 23. Bxa4 Qb6+ 24. Ka2 Rac7 25. Rb1 Qc5 26. Nb5 Qc4+ 27. Ka3
Be4 28. Qh3 Bxh1 29. Nxc7 Qxc7 30. Rxh1 Qxc3+ 31. Qxc3 Rxc3+ 32. Kb2 Rc4 33.
Kb3 Rxf4 34. Rg1 Na6 35. Bc6 Nc5+ 36. Ka3 Kf8 37. Rg2 Ke7 38. h5 Kf6 39. Bb5
Kg5 40. Be2 Nd7 41. c4 Nc5 42. Rg1 Rd4 43. Rf1 f6 44. Rg1 Kf4 45. Bf1 Kf3 46.
Rg2 Rxg4 47. Rb2 Rg5 48. Rb5 Rxh5 49. Rxa5 Ke3 50. Ra7 Rg5 51. Kb4 Kd4 52. Re7
e5 53. Re8 e4 54. Rd8+ Ke3 55. Rd5 Rxd5 56. cxd5 Nd7 57. Bb5 Ne5 58. d6 Kf2 59.
d7 Nxd7 0-1